00458nam a2200157Ia 4500003000400000005001700004008004000021040000700061041000800068082001600076100004800092245006100140260004800201300001200249650003900261OSt20241113102427.0210210b1996 xxu||||| |||| 00| 0 eng d cAL aeng a657.46 MITS aMITAL (Raj Krishna) and BANADARANGAIAH (K). aSupremes law and practice of income tax: an introduction aBangalore.bSupreme Publishing House,c1996 axii,496 aSupreme's Income Tax, Law Practice